Bible characters and doctrines. (Record no. 6436)
[ view plain ]
| 000 -LEADER | |
|---|---|
| fixed length control field | 02362cam a22003615 4500 |
| 001 - CONTROL NUMBER | |
| control field | 270760 |
| 003 - CONTROL NUMBER IDENTIFIER | |
| control field | OSt |
| 005 - DATE AND TIME OF LATEST TRANSACTION | |
| control field | 20190116195929.0 |
| 008 - FIXED-LENGTH DATA ELEMENTS--GENERAL INFORMATION | |
| fixed length control field | 720818|1972 miu 000 0cengs |
| 010 ## - LIBRARY OF CONGRESS CONTROL NUMBER | |
| LC control number | 72189855 //r8140 |
| 020 ## - INTERNATIONAL STANDARD BOOK NUMBER | |
| International Standard Book Number | 0802814328 |
| Qualifying information | v. 1 |
| 020 ## - INTERNATIONAL STANDARD BOOK NUMBER | |
| Terms of availability | $1.50 (varies) |
| 035 ## - SYSTEM CONTROL NUMBER | |
| System control number | (CStRLIN)JPT08183779X |
| 035 ## - SYSTEM CONTROL NUMBER | |
| System control number | (CaOTULAS)108183779 |
| 035 ## - SYSTEM CONTROL NUMBER | |
| System control number | (OCoLC)ocm00410149 |
| 035 ## - SYSTEM CONTROL NUMBER | |
| System control number | 270760 |
| 040 ## - CATALOGING SOURCE | |
| Original cataloging agency | PTS |
| Language of cataloging | eng |
| Description conventions | rda |
| Transcribing agency | PTS |
| 050 0# - LIBRARY OF CONGRESS CALL NUMBER | |
| Classification number | BS605.2 |
| Item number | .B47 |
| 082 ## - DEWEY DECIMAL CLASSIFICATION NUMBER | |
| Classification number | 220 |
| Item number | B634b |
| 245 00 - TITLE STATEMENT | |
| Title | Bible characters and doctrines. |
| Remainder of title | Philip to the Church in Jeresulem/ the Holy Spirit/ |
| 250 ## - EDITION STATEMENT | |
| Edition statement | [First U.S.A. edition]. |
| 264 #1 - PRODUCTION, PUBLICATION, DISTRIBUTION, MANUFACTURE, AND COPYRIGHT NOTICE | |
| Place of production, publication, distribution, manufacture | Grand/Rapids : |
| Name of producer, publisher, distributor, manufacturer | [Eerdmans], |
| Date of production, publication, distribution, manufacture, or copyright notice | [1972-75.] |
| 300 ## - PHYSICAL DESCRIPTION | |
| Extent | 125p.; |
| Dimensions | 18 cm |
| 336 ## - CONTENT TYPE | |
| Content type term | text |
| Content type code | txt |
| Source | rdacontent |
| 337 ## - MEDIA TYPE | |
| Media type term | unmediated |
| Media type code | n |
| Source | rdamedia |
| 338 ## - CARRIER TYPE | |
| Carrier type term | volume |
| Carrier type code | nc |
| Source | rdacarrier |
| 505 0# - FORMATTED CONTENTS NOTE | |
| Formatted contents note | 1. Adam to Esau, by E.M. Blaiklock. The God who speaks - scripture and revelation, by P. Crowe.- 2. Joseph to Moses, by E.M. Blaiklock. God in his world, by A.E. Cundall.- 3. Nadab to Boaz, by E.M. Blaiklock. The character of God, by J.S. Wright.- 4. Elkanah to David, by E.M. Blaiklock. The Holy Trinity, by G. Grogan.- 5. Bathsheba to Rehoboam, by E.M. Blaiklock. Man and sin, by A.S. Wood.- 6. Jeroboam to Hosea, by E.M. Blaiklock. Law and grace, by H.H. Rowdon.- 7. Uzziah to Daniel, by E.M. Blaiklock. The life of Christ, by H.L. Ellison.- 8. Vashti to Elihu, by E.M. Blaiklock. The person of Christ, by J. Philip.- 9. Mary, mother of Christ to the Gadarenes, by E.M. Blaiklock. The work of Christ, by R.A. Finlayson.- 10. Jairus to blind leaders, by E.M. Blaiklock. Righteousness in Christ, by W.L. Lane.- 11. The shepherd to Judas, by E.M. Blaiklock. Life in Christ, by J.I. Packer.- 12. Philip to the church in Jerusalem, by E.M. Blaiklock. The Holy Spirit, by Leon Morris.-13. Ananias to Paul, by E.M. Blaiklock. The kingdom and the church, by F.F. Bruce.-14. Paul's friends to Caesar's household, by E.M. Blaiklock. The mission of the church, by Colin Grant.-15. The Corinthians to Demas, by E.M. Blaiklock. The church's ministry and ordinances, by G.W. Kirby.-16. Onesumus to "I Jesus" by E. M. Blaiklock. The last things, by G.E. Ladd. |
| 630 00 - SUBJECT ADDED ENTRY--UNIFORM TITLE | |
| Uniform title | Bible |
| General subdivision | Textbooks. |
| 655 #7 - INDEX TERM--GENRE/FORM | |
| Genre/form data or focus term | Biographies. |
| Source of term | lcgft |
| 700 1# - ADDED ENTRY--PERSONAL NAME | |
| Personal name | Blaiklock, E. M. |
| 942 ## - ADDED ENTRY ELEMENTS (KOHA) | |
| Source of classification or shelving scheme | Dewey Decimal Classification |
| Koha item type | Books |
| 945 ## - LOCAL PROCESSING INFORMATION (OCLC) | |
| a | MARCIVE20181205 |
| Withdrawn status | Lost status | Source of classification or shelving scheme | Damaged status | Not for loan | Collection code | Home library | Current library | Shelving location | Date acquired | Cost, normal purchase price | Total Checkouts | Full call number | Barcode | Date last seen | Price effective from | Koha item type |
|---|---|---|---|---|---|---|---|---|---|---|---|---|---|---|---|---|
| Dewey Decimal Classification | Non-fiction | Harvest Mission College | Harvest Mission College | General Stacks | 16.01.2019 | 120.00 | 220 B634b | 007574 | 16.01.2019 | 16.01.2019 | Books |
